LEADER 00953nam0 2200277 450 001 000025007 005 20090325115639.0 010 $a0631215883 100 $a20090325d2000----km-y0itay50------ba 101 0 $aeng 102 $aUS 105 $ay-------001yy 200 1 $aReadings in urban economics$eissues and public policy$fedited by Robert W. Wassmer 210 $aMalden$cBlackwell$d2000 215 $aXXVIII, 508 p.$d24 cm 225 2 $aBlackwell readings for contemporary economics 410 0$12001$aBlackwell readings for contemporary economics 500 10$aReadings in urban economics$956685 610 1 $aEconomia$aZone urbane 676 $a330.91732$v19$9Situazioni e condizioni economiche. Regioni urbane 702 1$aWassmer,$bRobert W.$4070 801 0$aIT$bUNIPARTHENOPE$c20090325$gRICA$2UNIMARC 912 $a000025007 951 $a931/73$b9044$cNAVA2$d2009 996 $aReadings in urban economics$956685 997 $aUNIPARTHENOPE